La música del siglo XX (Record no. 18989)

MARC details
000 -LEADER
campo de control de longitud fija 00942nam a22003015i 4500
001 - NÚMERO DE CONTROL
campo de control 18989
003 - IDENTIFICADOR DE NÚMERO DE CONTROL
campo de control ES-MaACL
005 - FECHA Y HORA DE LA ÚLTIMA TRANSACCIÓN
campo de control 20250809051646.0
007 - CAMPO FIJO DE DESCRIPCIÓN FÍSICA--INFORMACIÓN GENERAL
campo de control de longitud fija t|
008 - DATOS DE LONGITUD FIJA--INFORMACIÓN GENERAL
campo de control de longitud fija 020507s1999 sp ||||0| spa j
020 ## - NÚMERO INTERNACIONAL ESTÁNDAR DEL LIBRO
Número Internacional Estándar del Libro 84-460-0369-6
040 ## - FUENTE DE CATALOGACIÓN
Centro catalogador/agencia de origen M-BN
Lengua de catalogación spa
Centro/agencia transcriptor M-BN
080 ## - NÚMERO DE LA CLASIFICACIÓN DECIMAL UNIVERSAL
Número de la Clasificación Decimal Universal 78.036
100 1# - ENTRADA PRINCIPAL--NOMBRE DE PERSONA
Nombre de persona Morgan, Robert P.
9 (RLIN) 83525
245 13 - MENCIÓN DEL TÍTULO
Título La música del siglo XX
Resto del título : una historia del estilo musical en la Europa y la América modernas /
Mención de responsabilidad, etc. Robert P. Morgan ; traducción, Patricia Sojo.
250 ## - MENCION DE EDICION
Mención de edición 2ª ed.
260 ## - PUBLICACIÓN, DISTRIBUCIÓN, ETC.
Lugar de publicación, distribución, etc. Torrejón de Ardoz, Madrid :
Nombre del editor, distribuidor, etc. Akal,
Fecha de publicación, distribución, etc. 1999.
300 ## - DESCRIPCIÓN FÍSICA
Extensión 563 p. :
Otras características físicas il., mús. ;
Dimensiones 25 cm.
490 1# - MENCIÓN DE SERIE
Mención de serie Akal/música ;
Designación de volumen o secuencia 6
500 ## - NOTA GENERAL
Nota general Indice.
504 ## - NOTA DE BIBLIOGRAFÍA, ETC.
Nota de bibliografía, etc. Bibliografía: p. 515-539.
650 14 - PUNTO DE ACCESO ADICIONAL DE MATERIA--TÉRMINO DE MATERIA
Término de materia o nombre geográfico como elemento de entrada Música-
Subdivisión cronológica S.XX.
9 (RLIN) 15401
700 1# - ENTRADA AGREGADA--NOMBRE PERSONAL
Nombre de persona Sojo, Patricia.
9 (RLIN) 107029
830 00 - PUNTO DE ACCESO ADICIONAL DE SERIE-TÍTULO UNIFORME
Título uniforme Akal/Música
Designación de volumen o secuencia 6
9 (RLIN) 228850
852 ## - LOCALIZACIÓN
Ubicación ES-MaACL
Número de control de estantería L-25462
Sublocalización o colección R.130810
Holdings
Estatus retirado Estado de pérdida Estado de daño No para préstamo Biblioteca de origen Biblioteca actual Ubicación en estantería Fecha de adquisición Fuente de adquisición Total de préstamos Signatura topográfica completa Código de barras Visto por última vez Precio de reemplazo Tipo de ítem Koha
        Biblioteca del Ateneo de Madrid Biblioteca del Ateneo de Madrid Depósito 2 17/01/2008     L-25462 1019427 23/02/2023 23/02/2023 Libro impreso